CEJM - Les Auteurs - Statistiques

Statistiques générales
  • Ce quiz a été pris 368 fois
  • Le résultat moyen est 6 sur 9
Statistiques - réponses
Indice Réponse % Correct
La chaine de valeur Michael Porter
86%
L'entrepreneur Joseph Schumpeter
80%
Le modèle des 5 forces + 1 Michael Porter
71%
La théorie des besoins (pyramide) Abraham Maslow
70%
Les parties prenantes R. Edward Freeman
63%
Les styles de management Rensis Lickert
55%
Finalités de l'entreprise Peter Drucker
53%
L'analyse de ressource et l'analyse de compétences Edith Penrose
44%
Les stratégies concurrentielles de DAS Michael Porter
33%
Aucun quiz correspondant
Distribution des résultats
% des personnes avec chaque résultat
Percentile par nombre de réponses
Votre historique - résultats
Vous n’avez pas pris ce quiz